Türkiye'nin anayasa gündemi (Record no. 4513)

MARC details
000 -BAŞLIK
Sabit Uzunlukta Kontrol Alanı 00745na a2200253 4500
001 - KONTROL NUMARASI
Denetim Alanı 18226
003 - KONTROL NUMARASI IDENTIFIER
Denetim Alanı MIRAKIL
005 - SON İŞLEM TARİHİ VE ZAMANI
Denetim Alanı 20181213155008.0
008 - SABİT-BOY VERİ ELEMANLARI - GENEL BİLGİLER
Sabit Uzunlukta Kontrol Alanı 161115b tu 000 0
020 ## - ULUSLARARASI STANDART KİTAP NUMARASI
Uluslararası Standart Kitap Numarası 9789750519857
040 ## - KATALOGLAMA KAYNAK
Orijinal Kataloglama Ajansı Milas
Kataloglama Dili tur
Metne Dönüştürmek Ajansı TR-AnCHP
041 ## - DİL KODU
Metin / Ses Parça Veya Ayrı Başlığın Dil Kodu tur
082 ## - DEWEY ONLU SINIFLANDIRMA NUMARASI
Sınıflandırma Numarası 342
Ürün Numarası T96 2016
090 ## - SINIFLAMA NUMARASI
Sınıflama Numarası 342 T96 2016
245 ## - BAŞLIK TABLOSU
Başlık Türkiye'nin anayasa gündemi
Başlığın Kalan (27 uzman, 66 soru-yanıt)
Sorumluluk Tablosu, Vb Ed.Kıvanç Koçak, der. İbrahim Ö. Kaboğlu.
246 ## - UNVAN FORM VARYING
Başlık Doğru / Kısa Başlığı (27 uzman, 66 soru-yanıt)
260 ## - YAYIN, DAĞITIM, VB
Yayın, Dağıtım, Vb Yeri İstanbul
Yayıncı, Dağıtıcı, Vs Adı İletişim Yayınları
Yayın, Dağıtım, Vb Tarihi 2016
300 ## - FİZİKSEL TANIM
Kapsam 296 s.
Boyutlar 18 sm.
504 ## - KAYNAKÇA VB NOT
Kaynakça Vb Notu Dizin var
651 ## - KONU KATMA GİRİŞ - COĞRAFİ ADI
Coğrafi İsim Türkiye
Genel Alt Bölümü anayasa
Kronolojik Alt Bölümü tartışmalar
700 ## - KATMA GİRİŞ - KİŞİSEL İSİM
Kişisel Ad Kaboğlu, İbrahim Ö.
700 ## - KATMA GİRİŞ - KİŞİSEL İSİM
Kişisel Ad Koçak, Kıvaç
942 ## - EKLENDİ GİRİŞ ELEMANLARI (KOHA)
Sınıflandırma Veya Raf Düzeni Kaynak
Koha Öğesi Türü Books
999 ## - SİSTEM KONTROL NUMARALARI (KOHA)
Koha Biblionumber 4513
Koha Biblioitemnumber 4513
Holdings
Kalıcı Konum Mevcut Konum Edinme Tarihi Edinim Kaynak Toplam Check-Out'Lar Tam Çağrı Numarası Barkod Tarih Son Görülme İtibaren Geçerli Fiyatlar Koha Öğesi Türü
CHP Kütüphanesi CHP Kütüphanesi 11/15/2016 Bağış   342 T96 2016 009824 11/15/2016 11/15/2016 Books
CHP Kütüphanesi CHP Kütüphanesi 09/08/2022     342 T96 2016 020533 09/08/2022 09/08/2022 Books